Používanie moderných vyučovacích metód na strednej škole : Diplomová práca

Salvato in:
Dettagli Bibliografici
Autore principale: Sedlák, Viliam (Autore)
Altri autori: Holkovič, Ľubomír, 1949- (xxx)
Natura: Manoscritto Libro
Lingua:slovacco
Pubblicazione: Trnava : STU v Bratislave MTF UIPH, 2009
Tags: Aggiungi Tag
Nessun Tag, puoi essere il primo ad aggiungerne!!

MARC

LEADER 00000ntm a22000003a 4500
001 stu198885
005 20160719160055.0
008 100125s2009----xo------------------slo-d
040 |a STU  |b slo 
041 0 |a slo 
044 |a xo 
100 1 |a Sedlák, Viliam  |4 aut 
245 1 |a Používanie moderných vyučovacích metód na strednej škole :  |b Diplomová práca 
260 |a Trnava :  |b STU v Bratislave MTF UIPH,  |c 2009 
300 |a 73 s  |c 1 CD-ROM 
500 |a Študijný program: učiteľstvo technických profesijných predmetov 
500 |a Študijný odbor: 1.1.2 učiteľstvo profesijných predmetov a praktickej prípravy 
700 1 |a Holkovič, Ľubomír,  |d 1949-  |4 xxx  |u M310  |U MTF Ústav inžinierskej pedagogiky a humatitných vied  |T MTF Katedra humanitných vied  |X 1518  |U M310  |Y M310  |7 A000001518 
996 |b 284M077750  |c M*DP-8694  |l MMSKP  |s P  |a 0  |w stu198885_0001